banner-ar

نعم او لا: المرشد الى قرارات افضل / (Record no. 32976)

MARC details
000 -الفاتح
حقل البيانات ثابتة الطول 00665nam a2200205Ia 4500
008 - عناصر البيانات ثابتة الطول - معلومات عامة
حقل البيانات ثابتة الطول 140319s9999 xx 000 0 ara d
040 ## - مصدر الفهرسة
وكالة الفهرسة الأصلية GCL /
وكالة النسخ GCL
082 04 - رقم تصنيف ديوى العشرى
رقم التصنيف 658.403
رقم المادة ج ن
100 1# - المدخل الرئيسى - إسم شخصى
الإسم الشخصى يوسف محمد القبلان
245 10 - بيان العنوان
العنوان نعم او لا: المرشد الى قرارات افضل /
بيان المسئوليه,etc يوسف محمد القبلان
700 1# - المدخل الاضافى - اسم شخصى
الإسم الشخصى جونسن، سبنسر
700 1# - المدخل الاضافى - اسم شخصى
الإسم الشخصى ريم سالم السالم
260 ## - PUBLICATION, DISTRIBUTION, ETC. (IMPRINT)
تاريخ النشر أو التوزيع 1994
300 ## - الوصف المادى
التعداد 163 ص
490 ## - بيان السلسلة
عنوان السلسلة
650 04 - المدخل الاضافى بالموضوع-مصطلح موضوعى
مصطلح موضوعي ادارة الاعمال
650 04 - المدخل الاضافى بالموضوع-مصطلح موضوعى
مصطلح موضوعي اتخاذ القرارات
942 ## - عناصر المدخل الإضافي( كوها)
مصدر التصنيف او مخطط الترفيف Dewey Decimal Classification
Koha [default] item type كتاب
260 ## - PUBLICATION, DISTRIBUTION, ETC. (IMPRINT)
-- [S.N] :
-- مرامر للطباعة الالكترونية ،
Holdings
حالة التراجع حالة الفقد حالة تلف ليس للاعارة المكان المؤقت الموقع الحالى تاريخ الاكتساب اجمالي اﻻعارات رقم الطلب الباركود تاريخ اخر مشاهدة تاريخ تفعيل السعر نوع وعاء كوها
        مكتبة القاهرة الكبرى مكتبة القاهرة الكبرى 03/26/2014   658.403\ج ن 78210 03/26/2014 03/26/2014 كتاب

Powered By

EGPV